000 00607nam a2200205 i 4500
001 49257
005 20230410143127.0
008 071107b2002 ag a 000 0 spa
020 _a9682323444
040 _aDRFGD
_bspa
041 0 _aspa
050 1 4 _abE56s 2002
100 1 _aEncrenaz, Thérése
245 0 0 _aEl sistema solar : /
_buna explicación para comprender un ensayo para reflexionar /
_cThérése Encrenaz; {traducción, Aurelia álvarez Urbajtel.
250 _a2a ed
260 _aBuenos Aires:
_bSiglo xxi,
_c2002
300 _a114 p. :
_bill.,
942 _2lcc
_cbk
946 _acsexposito
999 _c96236
_d96236